Loading...
| Social Science | 1 | 5 | 1 | 1 | 60 | 58 | 88.67 | 3 | 6 |
| Science - Physics | 3 | 1 | 1 | 1 | 50 | 52 | 68.75 | 2 | 4 |
| History - World History | 0 | 3 | 1 | 0 | 25 | 97 | 102.33 | 1 | 3 |
| Current Events | 1 | 1 | 0 | 0 | 25 | 41 | 79.50 | 2 | 2 |
| Other Science: Math | 1 | 1 | 0 | 1 | 25 | 22 | 85.50 | 1 | 2 |
| History - American History | 1 | 1 | 1 | 0 | 20 | 47 | 65.00 | 2 | 2 |
| Philosophy | 0 | 2 | 0 | 1 | 20 | 91 | 102.00 | 0 | 2 |
| Other Science: Earth Science | 1 | 0 | 0 | 0 | 15 | 62 | 62.00 | 1 | 1 |
| Beliefs | 1 | 0 | 0 | 0 | 15 | 10 | 10.00 | 1 | 1 |
| Science - Chemistry | 1 | 0 | 0 | 0 | 15 | 60 | 60.00 | 0 | 1 |
| History - European History | 0 | 1 | 1 | 1 | 5 | 128 | 128.00 | 0 | 1 |
| Literature - British Literature | 0 | 0 | 1 | 0 | -5 | 0.00 | 0 | 0 | |
| Religion | 0 | 0 | 1 | 0 | -5 | 0.00 | 0 | 0 | |
| Science - Biology | 0 | 0 | 1 | 0 | -5 | 0.00 | 0 | 0 | |
| Geography | 0 | 0 | 1 | 0 | -5 | 0.00 | 0 | 0 | |
| Other Academic | 0 | 0 | 1 | 0 | -5 | 0.00 | 0 | 0 |